Score 0/30 Timer 04:00
29 Plays Today
Trivia Question Answer % Correct
What company sells and produces iPods and iPhones?Apple, Inc.
95.6%
What Danish toy building blocks have been made since 1949?LEGO
91.6%
What is the Spanish word for 'thank you'?gracias
90.8%
Which fast food restaurant has the Golden Arches as its logo?McDonalds
90.1%
Which religion selects its new leader with a conclave in the Sistine Chapel?Roman Catholic
85.6%
What Pixar movie, featuring Carl and Dug, has the shortest title?Up
85.2%
What Universal movie franchise had its 8th installment in 2017 despite the death of Paul Walker?Fast & Furious
85.1%
What fruit is an anagram of the word 'pager'?grape
84.5%
What city is the capital of the Netherlands?Amsterdam
73.6%
What is the first element on the periodic table?hydrogen
71.2%
What is the smallest whole number evenly divisible by six and four?twelve
70.1%
What color can be found on the flags of Guinea, Gabon and Bangladesh?green
68.7%
What is the name of the holiday that falls the day after Christmas in the UK?Boxing Day
67.4%
Which Premier League team name is a synonym for a place where weapons are stored?Arsenal
63%
What Canadian artist has had hits with 'Hotline Bling' and 'One Dance'?Drake
61.7%
Trivia Question Answer % Correct
Which country hosted the 2018 Winter Olympics in Pyeongchang?South Korea
58%
What is the name of the green-clad hero of the Legend of Zelda video game series?Link
56.1%
What month of the year is named after a two-faced Roman god?January
55%
What instrument was famously played by Jascha Heifetz and Itzhak Perlman?violin
54.4%
What does the letter C stand for in the acronym UNICEF?Children's
53.9%
Which US state has its capital in Madison?Wisconsin
53.1%
What trademarked fabric fasteners have two parts: hooks and loops?Velcro
50.9%
Which US President served two terms between Truman and Kennedy?Eisenhower
48.6%
What common unit of volume is also known as a cubic decimeter?liter
47.6%
Which country uses the New Shekel as its currency?Israel
44.9%
What comedian replaced David Letterman as the host of the 'Late Show' after his 2015 retirement?Stephen Colbert
37%
What name is shared by the Pepperidge Farm Goldfish mascot and a Stormtrooper in 'The Force Awakens'?Finn
34.6%
What 1995 German board game has resources of brick, lumber, wool, grain, and ore?Settlers of Catan
30.9%
What German composer wrote a wiegenlied that begins in English with 'Lullaby and goodnight'?Brahms
19.7%
What 2016 HBO hit series is based on a 1972 Michael Crichton movie of the same name?Westworld
19.2%

You're not logged in!

Compare scores with friends on all Sporcle quizzes.
OR
Log In

Sporcle TV

Today on Sporcle TV


Watch our educational content, quiz creation guides, and fun videos on Sporcle TV.

Show Comments

Extras

Top Quizzes Today


Score Distribution

Paid Content

Your Account Isn't Verified!

In order to create a playlist on Sporcle, you need to verify the email address you used during registration. Go to your Sporcle Settings to finish the process.

Report this User

Report this user for behavior that violates our Community Guidelines.

Details: